Príčiny spomaľovania ekonomickej konvergencie v EÚ bakalárska práca

Saved in:
Bibliographic Details
Main Author: Majerčák, Marco
Corporate Author: Národohospodárska fakulta EU. Katedra hospodárskej politiky
Other Authors: Fifeková, Elena
Format: Book
Language:Slovak
Published: Bratislava 2022
Tags: Add Tag
No Tags, Be the first to tag this record!

MARC

LEADER 00000nbm a2200000 4500
001 0284997
005 20230306100300.2
041 0 |a slo 
044 |a SK 
245 1 0 |a Príčiny spomaľovania ekonomickej konvergencie v EÚ  |b bakalárska práca  |c Marco Majerčák ; školiteľ: Elena Fifeková 
264 1 |a Bratislava  |c 2022 
300 |a 43 s. 
100 1 |a Majerčák, Marco 
700 1 |a Fifeková, Elena 
710 2 |a Národohospodárska fakulta EU. Katedra hospodárskej politiky